| 000 | 01387nam a2200337 c 4500 | ||
|---|---|---|---|
| 003 | BLK | ||
| 005 | 20180420234357.0 | ||
| 008 | 180410b bul|||||r ||||||| ||bul|| | ||
| 010 | _aKNG00164428000 | ||
| 040 | _aBLK | ||
| 041 |
_aBUL _cBUL |
||
| 072 | 7 |
_2bullib _aС _xСтаропечатен фонд |
|
| 080 |
_aПрактическо богословие. Църковна практика. Аскетична и мистична теология. Религиозна мистика _b24 _x _z24 |
||
| 139 |
_aНачална книжка за черковно чтение _bН 97 |
||
| 245 | 1 | 0 |
_aНачална книжка за черковно чтение _bОт Книжарницата на П. Р. Славейкова |
| 250 | _a2. изд | ||
| 257 | _aBGR | ||
| 260 |
_аЦариград _c1869 _fЦариград : В печатницата на "Македония" |
||
| 300 |
_a16 с. _c14 см |
||
| 380 | _a2 | ||
| 500 | _aПоредн. на изд. е взета от БВК, т. 1 Текст с църковнославянски шрифт | ||
| 650 | 4 |
_aБогословие _9148879 |
|
| 653 | _aбогослужение | ||
| 653 | _aцърковни книги | ||
| 659 | _aС | ||
| 852 | _aЦб Ст 6970 * 1118 | ||
| 856 | 4 |
_qpdf _u |
|
| 856 | 4 |
_qpdf _u |
|
| 942 |
_cKNG _n0 |
||
| 944 |
_aCR _c29.08.2014 _kХристина_Везирева |
||
| 944 |
_aED _c29.08.2014 _k |
||
| 999 |
_c157483 _d157483 |
||